| 000 | 00802ntm a22002177a 4500 | ||
|---|---|---|---|
| 005 | 20170810141038.0 | ||
| 008 | 170802s2015 xx a frb 000 0 eng d | ||
| 040 |
_aEG-ScBUE _beng _cEG-ScBUE |
||
| 082 | 0 | 4 |
_222 _a624 _bBAR |
| 100 | 1 | _aBarakat, Mohamed Abdallah. | |
| 245 | 1 | 0 |
_aEffect of asphalt layers characterices on pavement behaviour / _cMohamed Abdallah Barakat. |
| 260 | _c2015. | ||
| 300 |
_ax, 88 p . : _bill. (col.) ; _c28 cm. |
||
| 500 | _aThis report submitted to The Faculty of Engineering, The British University in Egypt, partial fulfillment of the requirements for the bachelor degree in civil engineering. | ||
| 590 | _anaira | ||
| 650 | 7 |
_2BUEsh _vProjects _aCivil engineering |
|
| 653 |
_bENGCIV _cAugust2017 |
||
| 655 | _vSPRO | ||
| 700 | 1 |
_aKandil, Khaled. _eths |
|
| 942 | _2ddc | ||
| 999 |
_c25387 _d25359 |
||